[Event "3rd Manaus Open 2024"]
[Site "Manaus"]
[Date "2024.10.12"]
[Round "2.6"]
[White "Da Silva, Pablo Rodrigo"]
[Black "Santiago, Yago De Moura"]
[Result "0-1"]
[WhiteElo "1983"]
[BlackElo "2460"]
[Annotator "TA"]
[PlyCount "98"]
[EventDate "2024.10.05"]
[EventType "swiss"]
[EventCountry "BRA"]
[SourceTitle "playchess.com"]
[Source "ChessBase"]
[SourceQuality "1"]
[TimeControl "5400+30"]

{[%evp 9,98,73,98,92,96,64,70,62,99,45,52,45,87,45,85,32,42,-24,-37,-32,11,-70,0,-57,23,14,38,31,76,90,72,70,125,80,82,97,120,62,53,0,62,-43,63,67,73,0,78,-13,-15,-78,-74,-88,-63,-218,-92,-99,-38,-39,-36,-156,-17,-17,0,-95,-104,-171,-200,-289,-317,-328,-328,-321,-240,-334,-398,-366,-361,-375,-384,-395,-382,-333,-293,-363,-368,-29994,-29995,-29995,-29996,-29996,-869]} 1. d4 {[%emt 0:00:15]} e6 {[%emt 0:00:52]} 2. g3 {[%emt 0:00:41]} f5 {[%emt 0:00:13]} 3. Bg2 {[%emt 0:00:18]} Nf6 {[%emt 0:00:07]} 4. Nf3 {[%emt 0:01:38]} d5 {[%emt 0:00:09]} 5. O-O {[%emt 0:00:09]} Ne4 {[%emt 0:00:12] [#]} 6. c4 $1 {[%emt 0:00:30] A81: Hollandse Verdediging: 2 g3.} Be7 {[%emt 0:00:09]} (6... c6 7. Bf4) 7. Ne5 {[%emt 0:05:00] Onnauwkeurig} O-O {[%emt 0:00:31] OK} 8. Nd2 {[%emt 0:00:15] Wit staat iets beter.} c6 {[%emt 0:00:19] Onnauwkeurig} 9. e3 {[%emt 0:07:44] Fout (0.5)} (9. Qc2 $16) 9... Nd7 $146 {[%emt 0:02:08] OK} ({Predecessor:} 9... Nxd2 10. Bxd2 Nd7 11. Nxd7 Bxd7 12. Qb3 Qb6 13. c5 Qxb3 14. axb3 a6 15. Ba5 Rae8 16. Bc7 Bf6 {0-1 Keller,H (1603)-Hund,R (1688) Muensterland Cup-B 0910 sf 2009}) 10. Ndf3 {[%emt 0:00:26] OK} Bd6 {[%emt 0:01:39] Onnauwkeurig} 11. Qc2 {[%emt 0:08:44] Onnauwkeurig} Qe7 {[%emt 0:02:02] Onnauwkeurig} 12. Nxd7 {[%emt 0:08:38] Fout (0.5)} (12. b3 $16) 12... Bxd7 {[%emt 0:00:18]} 13. c5 {[%emt 0:00:10] Fout (0.7)} (13. Ne5 $14) 13... Bc7 $11 {[%emt 0:00:26] OK} 14. b4 {[%emt 0:00:20]} a5 {[%emt 0:07:04] Onnauwkeurig} 15. Bd2 {[%emt 0:02:46] Fout (0.8)} (15. bxa5 $11 Rxa5 16. a4) 15... a4 {[%emt 0:00:51] Zwart heeft actievere stukken. Fout (0.7)} (15... Nxd2 $15 16. Qxd2 a4) 16. a3 {[%emt 0:00:56] Fout (0.6)} (16. Ne5 $11) 16... Be8 {[%emt 0:00:27] Fout (0.8)} (16... g5 $15) 17. Ne5 $1 {[%emt 0:02:16] Sterk} Nf6 {[%emt 0:11:12]} 18. f3 {[%emt 0:04:59] OK} Bxe5 {[%emt 0:03:12] Onnauwkeurig} 19. dxe5 {[%emt 0:00:15]} Nd7 {[%emt 0:00:07] OK} 20. Bc3 {[%emt 0:02:34] OK} {Zwart zou moeten spelen} g5 {[%emt 0:01:25] Zwart is zwak op de donkere velden. Fout (0.6)} (20... Nb8 $14) 21. Bd4 {[%emt 0:16:25] Onnauwkeurig} f4 {[%emt 0:01:42]} 22. exf4 {[%emt 0:06:08] OK} gxf4 {[%emt 0:00:14]} 23. Rac1 {[%emt 0:06:34] Fout (0.6)} (23. Kh1 $16) 23... Bg6 {[%emt 0:02:59]} 24. Qe2 {[%emt 0:01:19] Fout (0.5)} (24. Qd2 $14) 24... Rf7 {[%emt 0:02:50] Fout (0.6)} (24... Qg5 $11) 25. g4 {[%emt 0:04:06] Fout (1.1)} (25. Qd2 $14) 25... Nb8 {[%emt 0:01:00] Fout (1.1)} (25... h5 $15) 26. Rf2 {[%emt 0:01:14]} Na6 {[%emt 0:01:19][%cal Bb8a6,Ba6c7,Bc7b5][%mdl 32] EV=13.35. Goes to b5 (dbg))} 27. Qb2 {[%emt 0:00:42] Fout (0.7)} (27. Bf1 $16) 27... Bd3 {[%emt 0:01:32] Fout (0.8)} (27... h5 $11) {Wit zou moeten proberen} 28. Bf1 {[%emt 0:07:11] Fout (0.9)} (28. Kh1 $16) 28... Bxf1 {[%emt 0:01:07] OK} 29. Rfxf1 {[%emt 0:00:21] Houdt de partij in balans. Fout (0.6)} (29. Rcxf1 $11 Nc7 30. Rg2) 29... Nc7 $17 {[%emt 0:00:13][%cal Oh7h5] OK} 30. Qf2 {[%emt 0:01:06]} Nb5 {[%emt 0:00:25]} 31. Ra1 {[%emt 0:00:13] Fout (1.6)} (31. Bb2 $1 $15) 31... Rg7 {[%emt 0:01:49] is dodelijker. Fout (1.3)} (31... h5 $1 $19 {En nu zou ...hxg4 winnen.} 32. gxh5 Rf5) 32. Kh1 {[%emt 0:00:28]} {Zwart zou moeten proberen} Kh8 {[%emt 0:00:37] Fout (0.6)} (32... h5 $17 {[%cal Rh5g4]} 33. gxh5 Kh7) 33. Rg1 $15 {[%emt 0:04:09] OK} Rag8 {[%emt 0:02:05][%cal Oh7h5] Hoopt vervolgens op ...h5! OK} {Wit zou moeten spelen} 34. Qd2 {[%emt 0:01:55] Fout (1.2)} (34. h3 $15) {Beter is} 34... Rf7 {[%emt 0:01:36] Fout (1.4)} (34... h5 $1 $17 {[%cal Rh5g4]} 35. Qxf4 (35. gxh5 Rxg1+ 36. Rxg1 Rxg1+ 37. Bxg1 Qg5 $17) 35... Qf7 36. Qxf7 Rxf7) 35. Bf2 $11 {[%emt 0:00:45] Beste (Gemakkelijk)} Qc7 {[%emt 0:06:30]} 36. Rge1 {[%emt 0:01:35] blijft gelijk. Fout (1.0)} (36. Qe2 $11) 36... Qd8 $17 {[%emt 0:01:19] OK} 37. Red1 {[%emt 0:01:45] [#] gaat door met vechten. Fout (0.7)} (37. h4 $17) 37... h5 $1 $19 {[%emt 0:02:15][%cal Rh5g4] Sterk} 38. Qe1 {[%emt 0:00:53] Een waardevolle zet. Fout (0.9)} ({Veel slechter is} 38. Rg1 hxg4 39. fxg4 (39. Rxg4 $2 Rxg4 40. fxg4 Qg5 $19) 39... d4 (39... Qg5 40. Qd3 $17)) (38. h3) 38... hxg4 {[%emt 0:00:43] Beste (Gemakkelijk)} 39. Bh4 {[%emt 0:00:10] OK} Qf8 {[%emt 0:00:49] OK} 40. Bf6+ {[%emt 0:01:20]} Kh7 {[%emt 0:00:46][%cal Rf7f6] met als doel voor ...Rxf6.} 41. Qf2 {[%emt 0:01:36] Onnauwkeurig} g3 {[%emt 0:45:47] OK} 42. Qc2+ {[%emt 0:00:56] OK} Rg6 {[%emt 0:00:00] Beste (Gemakkelijk)} 43. hxg3 {[%emt 0:00:19] Beste} fxg3 {[%emt 0:00:00]} (43... Qh6+ 44. Kg2 Kg8 (44... fxg3 $2 {slaat de verkeerde figuur.} 45. Rh1 $18) 45. g4 $11) 44. Kg2 {[%emt 0:00:14] [#] Rh1+ zou dodelijk zijn nu. Beste} Rfxf6 $1 {[%emt 0:00:00] Sterk} ({Maar niet} 44... Qh6 $2 45. Rh1 $18 (45. Qxa4 $2 {is een zelfmat.} Qh2+ 46. Kf1 Qf2#) (45. Qxa4 $2 {Leidt naar mat.} Qh2+ 46. Kf1 Qf2#)) 45. exf6 {[%emt 0:00:22]} Qxf6 {[%emt 0:00:00]} 46. Rh1+ {[%emt 0:00:15]} Kg7 {[%emt 0:00:00] Beste} 47. Qxa4 $2 {[%emt 0:02:10] Fout (Mat)} (47. Rad1 $19) 47... Qb2+ {[%emt 0:00:00] Beste. Zwart zet mat.} 48. Kh3 {[%emt 0:00:28] OK} g2 {[%emt 0:03:30]} 49. Qc2 {[%emt 0:01:47]} Qf6 {[%emt 0:00:30] Blunder waarde: Wit=0.57/Zwart=0.29 (precies) .  Fout:        	Wit=17     	Zwart=9      Onnauwkeurig:    	Wit=4      	Zwart=5      OK:         	Wit=8      	Zwart=10     Beste:        	Wit=3      	Zwart=4      Sterk:        	Wit=1      	Zwart=2} (49... Qxc2 $142 50. Rhg1 Qf2 (50... Qf5+ $2 {wordt mat gezet.} 51. Kh4 Qg5+ 52. Kh3 Rh6#) 51. Rxg2 Qxg2+ 52. Kh4 Rh6#) 0-1

[Event "3rd Manaus Open 2024"]
[Site "Manaus"]
[Date "2024.10.12"]
[Round "2.7"]
[White "Flom, Gabriel"]
[Black "Pinto, Pedro Jorge de Morae"]
[Result "1-0"]
[WhiteElo "2460"]
[BlackElo "1959"]
[Annotator "TA"]
[PlyCount "41"]
[EventDate "2024.10.05"]
[EventType "swiss"]
[EventCountry "BRA"]
[SourceTitle "playchess.com"]
[Source "ChessBase"]
[SourceQuality "1"]
[TimeControl "5400+30"]

{[%evp 9,41,133,191,162,184,181,184,165,195,155,198,98,212,188,306,285,340,291,359,320,500,447,435,420,641,629,662,659,644,654,893,883,1168,1136]} 1. d4 {[%emt 0:00:13]} c5 {[%emt 0:04:22]} 2. d5 {[%emt 0:00:14]} e5 {[%emt 0:00:19]} 3. e4 {[%emt 0:01:50]} d6 {[%emt 0:00:10]} 4. a4 {[%emt 0:01:49]} a6 {[%emt 0:01:33]} 5. Nc3 {[%emt 0:00:35]} f5 {[%emt 0:00:16]} (5... Be7 $16) 6. exf5 $18 {[%emt 0:00:54] A44: Semi-Benoni.} Bxf5 {[%emt 0:00:07]} 7. Bd3 {[%emt 0:00:05] OK} Bxd3 {[%emt 0:03:44] OK} 8. Qxd3 {[%emt 0:00:08] Wit staat duidelijk beter.} ({Weersta} 8. cxd3 $6 Nd7 $14) 8... Be7 {[%emt 0:00:04]} 9. Nf3 {[%emt 0:00:18]} Nd7 {[%emt 0:01:18]} 10. Ne4 {[%emt 0:01:15] Fout (1.0)} (10. a5 $18) 10... Qc8 $146 {[%emt 0:03:52] gaat door met vechten. Fout (1.1)} (10... Ngf6 $16) ({Predecessor:} 10... Nf8 11. Nfd2 Nf6 12. Nxf6+ gxf6 13. a5 Qd7 14. Nc4 Bd8 15. f4 Ng6 16. O-O Rg8 {1-0 Tobyas,M (2310)-Mozny,M (2375) Prague T10 1990 (11)}) 11. Nfg5 {[%emt 0:02:19] OK} Nf8 {[%emt 0:00:23] is een betere verdediging. Afleidend Ne6. Fout (1.2)} (11... Ngf6 12. Nxf6+ Nxf6) 12. f4 {[%emt 0:01:11] OK} h6 {[%emt 0:20:44] Beste} 13. Nf3 {[%emt 0:00:05][%cal Bg5f3,Bf3d2,Bd2c4][%mdl 32] EV=32.39. Goes to c4 (dbg)). OK} exf4 {[%emt 0:00:11]} 14. Bxf4 {[%emt 0:00:26]} Qd7 {[%emt 0:00:01] Kan vruchtbaar zijn. Fout (1.8)} (14... Qc7 15. Nfd2 O-O-O) 15. O-O {[%emt 0:01:24] [#] En nu zou Nfd2 winnen.} Nf6 {[%emt 0:04:48]} 16. Nfd2 {[%emt 0:00:04]} Nxe4 {[%emt 0:01:35] Fout (2.2)} (16... N8h7 $142 17. Nxf6+ Bxf6 18. Rae1+ Kd8) 17. Qxe4 {[%emt 0:01:00] met als doel voor Nc4. Wit is duidelijk aan het winnen.} O-O-O {[%emt 0:01:58] OK} 18. Nc4 {[%emt 0:00:02]} Qc7 {[%emt 0:04:41] Voorkomt Nb6+.} 19. Bd2 {[%emt 0:00:06]} b6 {[%emt 0:02:44] Zwart is zwak op de lichte velden} 20. Rf7 {[%emt 0:00:13][%csl LRe7,LRg7]} Rd7 {[%emt 0:00:28]} 21. a5 {[%emt 0:00:32] Blunder waarde: Wit=0.16 (erg precies) /Zwart=0.98.  Fout:        	Wit=1      	Zwart=4      OK:         	Wit=4      	Zwart=2      Beste:        	---       	Zwart=1} 1-0

[Event "3rd Manaus Open 2024"]
[Site "Manaus"]
[Date "2024.10.12"]
[Round "2.8"]
[White "Rodriguez Vila, Andres"]
[Black "Do Carmo, Gabriel Carckeno"]
[Result "1-0"]
[WhiteElo "2419"]
[BlackElo "1941"]
[Annotator "RC"]
[PlyCount "43"]
[EventDate "2024.10.05"]
[EventType "swiss"]
[EventCountry "BRA"]
[SourceTitle "playchess.com"]
[Source "ChessBase"]
[SourceQuality "1"]
[TimeControl "5400+30"]

1. e4 {[%emt 0:02:19]} e6 {[%emt 0:00:18]} 2. d4 {[%emt 0:00:07]} d5 {[%emt 0:00:16]} 3. e5 {[%emt 0:00:05]} c5 {[%emt 0:00:16]} 4. c3 {[%emt 0:00:05]} Nc6 {[%emt 0:00:11]} 5. Nf3 {[%emt 0:00:05]} Qb6 {[%emt 0:00:39]} 6. Bd3 {[%emt 0:00:08]} cxd4 {[%emt 0:00:49]} 7. O-O {[%emt 0:00:20]} Bd7 {[%emt 0:00:19]} 8. cxd4 {[%emt 0:02:27]} Nxd4 {[%emt 0:01:24]} 9. Nbd2 {[%emt 0:00:04]} Nc6 {[%emt 0:16:47]} 10. Nb3 {[%emt 0:00:05]} Nh6 {[%emt 0:10:47]} 11. Bf4 {[%emt 0:01:54]} Nb4 {[%emt 0:08:28]} 12. Be2 {[%emt 0:02:16]} Rc8 {[%emt 0:01:34]} 13. Be3 {[%emt 0:09:04]} Qd8 {[%emt 0:00:31]} 14. Nbd4 {[%emt 0:00:27]} a6 {[%emt 0:04:10]} 15. Qb3 {[%emt 0:01:58]} Qa5 {[%emt 0:07:34]} 16. a3 {[%emt 0:01:32]} Nc6 {[%emt 0:06:45]} 17. Qxb7 {[%emt 0:00:06]} Nf5 {[%emt 0:10:22]} 18. Rfc1 {[%emt 0:05:20]} Qc7 {[%emt 0:06:09]} 19. Qxc7 {[%emt 0:01:13]} Rxc7 {[%emt 0:00:06]} 20. Nxf5 {[%emt 0:00:35]} exf5 {[%emt 0:00:11]} 21. Bxa6 {[%emt 0:00:12]} d4 {[%emt 0:01:30]} 22. Nxd4 {[%emt 0:01:38]} 1-0

[Event "3rd Manaus Open 2024"]
[Site "Manaus"]
[Date "2024.10.12"]
[Round "2.9"]
[White "Cubas, Jose Fernando"]
[Black "McDonald, Ian"]
[Result "1/2-1/2"]
[WhiteElo "2412"]
[BlackElo "1923"]
[Annotator "RC"]
[PlyCount "96"]
[EventDate "2024.10.05"]
[EventType "swiss"]
[EventCountry "BRA"]
[SourceTitle "playchess.com"]
[Source "ChessBase"]
[SourceQuality "1"]
[TimeControl "5400+30"]

1. e4 {[%emt 0:00:41]} c5 {[%emt 0:00:23]} 2. Nf3 {[%emt 0:01:33]} Nc6 {[%emt 0:00:32]} 3. c3 {[%emt 0:02:21]} Nf6 {[%emt 0:11:40]} 4. e5 {[%emt 0:00:39]} Nd5 {[%emt 0:00:05]} 5. d4 {[%emt 0:00:26]} cxd4 {[%emt 0:00:10]} 6. Bc4 {[%emt 0:00:24]} Nb6 {[%emt 0:00:08]} 7. Bb3 {[%emt 0:00:08]} d5 {[%emt 0:01:31]} 8. exd6 {[%emt 0:05:13]} e6 {[%emt 0:00:45]} 9. cxd4 {[%emt 0:03:45]} Bxd6 {[%emt 0:00:50]} 10. Nc3 {[%emt 0:00:08]} O-O {[%emt 0:01:43]} 11. O-O {[%emt 0:00:14]} Nb4 {[%emt 0:11:12]} 12. Re1 {[%emt 0:04:25]} Bd7 {[%emt 0:04:55]} 13. Bg5 {[%emt 0:05:53]} f6 {[%emt 0:01:50]} 14. Bh4 {[%emt 0:02:06]} N4d5 {[%emt 0:03:46]} 15. Qd3 {[%emt 0:14:13]} Rc8 {[%emt 0:11:00]} 16. Ne5 {[%emt 0:14:29]} Be8 {[%emt 0:14:08]} 17. Bc2 {[%emt 0:06:48]} g6 {[%emt 0:00:02]} 18. Ng4 {[%emt 0:07:36]} Nb4 {[%emt 0:17:05]} 19. Qe2 {[%emt 0:01:38]} Nxc2 {[%emt 0:00:05]} 20. Qxc2 {[%emt 0:02:05]} g5 {[%emt 0:00:01]} 21. Bg3 {[%emt 0:05:17]} Bxg3 {[%emt 0:00:02]} 22. hxg3 {[%emt 0:00:01]} Qxd4 {[%emt 0:00:16]} 23. Qe2 {[%emt 0:00:44]} Rc6 {[%emt 0:06:20]} 24. Nb5 {[%emt 0:01:20]} Qc4 {[%emt 0:00:15]} 25. Nxa7 {[%emt 0:02:54]} Qxe2 {[%emt 0:00:17]} 26. Rxe2 {[%emt 0:00:01]} Rd6 {[%emt 0:00:14]} 27. Rc2 {[%emt 0:01:16]} Nd5 {[%emt 0:00:39]} 28. Nc8 {[%emt 0:01:36]} Rc6 {[%emt 0:00:01]} 29. Rac1 {[%emt 0:03:01]} Rxc2 {[%emt 0:01:59]} 30. Rxc2 {[%emt 0:00:01]} Bg6 {[%emt 0:00:12]} 31. Rc5 {[%emt 0:00:57]} Rd8 {[%emt 0:00:03]} 32. f3 {[%emt 0:02:02]} Be8 {[%emt 0:09:35]} 33. Nf2 {[%emt 0:01:38]} Bc6 {[%emt 0:00:24]} 34. Na7 {[%emt 0:00:08]} Bd7 {[%emt 0:00:02]} 35. Ra5 {[%emt 0:00:29]} Be8 {[%emt 0:00:29]} 36. Ne4 {[%emt 0:02:24]} Bg6 {[%emt 0:00:18]} 37. Nb5 {[%emt 0:01:41]} Bxe4 {[%emt 0:00:02]} 38. fxe4 {[%emt 0:00:01]} Ne3 {[%emt 0:00:18]} 39. Kf2 {[%emt 0:01:03]} Nc4 {[%emt 0:00:23]} 40. Ra7 {[%emt 0:00:04]} Rd2+ {[%emt 0:00:18]} 41. Kg1 {[%emt 0:00:51]} Ne3 {[%emt 0:00:18]} 42. Rxb7 {[%emt 0:00:07]} Rxg2+ {[%emt 0:00:12]} 43. Kh1 {[%emt 0:00:00]} Rxb2 {[%emt 0:01:03]} 44. a4 {[%emt 0:00:02]} Rb1+ {[%emt 0:01:27]} 45. Kh2 {[%emt 0:00:02]} Rb2+ {[%emt 0:00:06]} 46. Kg1 {[%emt 0:00:07]} Rg2+ {[%emt 0:01:12]} 47. Kh1 {[%emt 0:00:01]} Rf2 {[%emt 0:03:32]} 48. a5 {[%emt 0:00:16]} Rf1+ {[%emt 0:00:53]} 1/2-1/2

[Event "3rd Manaus Open 2024"]
[Site "Manaus"]
[Date "2024.10.12"]
[Round "3"]
[White "Cubas, Jose Fernando"]
[Black "Takehara, Alan Keissuke"]
[Result "1-0"]
[WhiteElo "2412"]
[BlackElo "1870"]
[Annotator "RC"]
[PlyCount "67"]
[EventDate "2024.10.05"]
[EventType "swiss"]
[EventCountry "BRA"]
[SourceTitle "playchess.com"]
[Source "ChessBase"]
[SourceQuality "1"]

1. Nf3 c6 2. c4 d5 3. e3 Nf6 4. b3 Bg4 5. Bb2 e6 6. Be2 Nbd7 7. O-O Bd6 8. d4 Qc7 9. Nbd2 O-O 10. h3 Bxf3 11. Bxf3 Rfe8 12. Rc1 a5 13. e4 dxe4 14. Nxe4 Bf4 15. Rc2 Nxe4 16. Bxe4 Nf6 17. Bf3 Rad8 18. Qa1 Qe7 19. Re1 Bb8 20. Rce2 Qc7 21. g3 Ba7 22. Kg2 Qd6 23. d5 exd5 24. Be5 Rxe5 25. Qxe5 Qxe5 26. Rxe5 dxc4 27. bxc4 Bd4 28. Re7 b5 29. cxb5 cxb5 30. Rd1 Kf8 31. Rb7 b4 32. Rb5 Bb6 33. Rxb6 b3 34. Rb5 1-0

[Event "3rd Manaus Open 2024"]
[Site "Manaus"]
[Date "2024.10.12"]
[Round "3"]
[White "Matsuura, Everaldo"]
[Black "Pinto, Jaime de Castilho Fi"]
[Result "1-0"]
[WhiteElo "2357"]
[BlackElo "2052"]
[Annotator "RC"]
[PlyCount "65"]
[EventDate "2024.10.05"]
[EventType "swiss"]
[EventCountry "BRA"]
[SourceTitle "playchess.com"]
[Source "ChessBase"]
[SourceQuality "1"]

1. e4 c5 2. Nf3 d6 3. d4 cxd4 4. Nxd4 Nf6 5. Nc3 a6 6. f3 b5 7. Be3 e5 8. Nb3 Be6 9. Qd2 Be7 10. O-O-O O-O 11. g4 Nc6 12. Nd5 Bxd5 13. exd5 Nb8 14. Kb1 Nfd7 15. Bd3 Qc7 16. h4 Nb6 17. Qf2 Nc4 18. Bc1 a5 19. Nd2 Nd7 20. Ne4 a4 21. Qe2 Rfb8 22. g5 a3 23. b3 Nb2 24. Rdg1 Nxd3 25. Qxd3 g6 26. h5 Nc5 27. Qe2 Nxe4 28. fxe4 Rc8 29. Rg2 Kg7 30. Qxb5 Ra5 31. Qf1 Qc3 32. hxg6 fxg6 33. Rxh7+ 1-0

[Event "3rd Manaus Open 2024"]
[Site "Manaus"]
[Date "2024.10.12"]
[Round "3"]
[White "Zanette, Edgard Vinicius"]
[Black "Presa, Luis Alberto Passos"]
[Result "1-0"]
[WhiteElo "2064"]
[BlackElo "1800"]
[Annotator "RC"]
[PlyCount "73"]
[EventDate "2024.10.05"]
[EventType "swiss"]
[EventCountry "BRA"]
[SourceTitle "playchess.com"]
[Source "ChessBase"]
[SourceQuality "1"]
[TimeControl "5400+30"]

1. e4 d5 2. exd5 Qxd5 3. Nc3 Qa5 4. Bc4 Nf6 5. h3 c6 6. Qe2 e6 7. d3 Nbd7 8. Bd2 Qe5 9. f4 Qxe2+ 10. Ngxe2 Nb6 11. Bb3 Be7 12. O-O O-O 13. Rae1 Nbd5 14. Nd1 Bc5+ 15. Kh1 Bd7 16. a3 Rad8 17. g4 Bc8 18. Ng3 b5 19. Re2 Bd6 20. g5 Nd7 21. Ne4 Bc7 22. c4 bxc4 23. dxc4 N5b6 24. Bb4 Rfe8 25. Nd6 Bxd6 26. Bxd6 Bb7 27. Rfe1 c5+ 28. Kh2 Ba6 29. Ne3 Rc8 30. Nf5 Kh8 31. Ne7 Ra8 32. f5 Bxc4 33. Bxc4 Nxc4 34. fxe6 Nxd6 35. exd7 Red8 36. Rd1 Rxd7 37. Nf5 1-0

[Event "3rd Manaus Open 2024"]
[Site "Manaus"]
[Date "2024.10.12"]
[Round "3"]
[White "McDonald, Ian"]
[Black "Silva, Guilherme Henrique D"]
[Result "1-0"]
[WhiteElo "1923"]
[BlackElo "2085"]
[Annotator "RC"]
[PlyCount "36"]
[EventDate "2024.10.05"]
[EventType "swiss"]
[EventCountry "BRA"]
[SourceTitle "playchess.com"]
[Source "ChessBase"]
[SourceQuality "1"]

1. d4 Nf6 2. Nc3 d5 3. Bf4 a6 4. e3 b5 5. h4 e6 6. g4 c5 7. g5 Nfd7 8. Nf3 Nc6 9. Ne2 Bb7 10. h5 Rc8 11. Bh3 Be7 12. Bg2 Nf8 13. Ne5 b4 14. Bg3 Rg8 15. dxc5 Bxc5 16. Qd3 Be7 17. O-O-O Bxg5 18. Qd4 Be7 1-0

[Event "3rd Manaus Open 2024"]
[Site "Manaus"]
[Date "2024.10.12"]
[Round "3"]
[White "Da Silva, Lucas Fabricio De O"]
[Black "Perdomo, Leandro"]
[Result "0-1"]
[WhiteElo "1802"]
[BlackElo "2356"]
[Annotator "RC"]
[PlyCount "34"]
[EventDate "2024.10.05"]
[EventType "swiss"]
[EventCountry "BRA"]
[SourceTitle "playchess.com"]
[Source "ChessBase"]
[SourceQuality "1"]

1. e4 e5 2. Nf3 Nc6 3. Bc4 Nf6 4. d3 Bc5 5. Nbd2 d6 6. c3 a5 7. a4 O-O 8. O-O Ba7 9. h3 Ne7 10. Re1 Ng6 11. Nf1 c6 12. Qe2 Re8 13. Be3 Bxe3 14. fxe3 d5 15. exd5 cxd5 16. Bb5 Bd7 17. Bxd7 Qxd7 0-1

[Event "3rd Manaus Open 2024"]
[Site "Manaus"]
[Date "2024.10.13"]
[Round "3.1"]
[White "Filgueiras, Nathan Felipe"]
[Black "Leitao, Rafael"]
[Result "0-1"]
[WhiteElo "2343"]
[BlackElo "2592"]
[Annotator "TA"]
[PlyCount "46"]
[EventDate "2024.10.05"]
[EventType "swiss"]
[EventCountry "BRA"]
[SourceTitle "playchess.com"]
[Source "ChessBase"]
[SourceQuality "1"]
[TimeControl "5400+30"]

{[%evp 19,46,10,18,11,17,-16,0,0,0,-55,-28,-35,-52,-91,-85,-93,-66,-128,-127,-274,-266,-246,-261,-510,-550,-654,-653,-1077,-1075]} 1. e4 {[%emt 0:08:18]} e5 {[%emt 0:00:22]} 2. Nf3 {[%emt 0:00:06]} Nc6 {[%emt 0:00:05]} 3. Bc4 {[%emt 0:03:27]} Nf6 {[%emt 0:00:26]} 4. d3 {[%emt 0:01:38]} Be7 {[%emt 0:02:20]} 5. O-O {[%emt 0:00:49]} O-O {[%emt 0:00:09]} 6. Re1 {[%emt 0:01:09]} d6 {[%emt 0:00:24]} 7. c3 {[%emt 0:02:21]} Na5 {[%emt 0:01:55]} 8. Bb5 {[%emt 0:00:07]} a6 {[%emt 0:00:31]} 9. Ba4 {[%emt 0:00:03]} b5 {[%emt 0:00:10]} 10. Bc2 {[%emt 0:00:05]} c5 {[%emt 0:00:07]} 11. a3 {[%emt 0:00:22]} Nc6 {[%emt 0:00:46]} 12. b4 {[%emt 0:04:32]} a5 {[%emt 0:06:37]} 13. bxc5 {[%emt 0:03:28] The position is equal.} dxc5 {[%emt 0:00:33]} 14. h3 {[%emt 0:00:40]} ({White should play} 14. Nbd2 $11) 14... Qc7 {[%emt 0:10:11]} 15. Bb2 {[%emt 0:07:37]} Rd8 {[%emt 0:09:56]} 16. Qe2 {[%emt 0:01:37]} Nh5 {[%emt 0:02:59]} 17. Bc1 {[%emt 0:09:21]} a4 {[%emt 0:12:34] Dodges Bb3} 18. Nh2 {[%emt 0:08:35]} (18. c4 $15) 18... Nf4 {[%emt 0:02:05] Black is more active.} 19. Qf3 {[%emt 0:01:56]} (19. Bxf4 $17 {was necessary.} exf4 20. e5) 19... b4 $19 {[%emt 0:02:04]} 20. axb4 {[%emt 0:19:19]} cxb4 {[%emt 0:00:34]} 21. Rxa4 {[%emt 0:02:57]} (21. Bxf4 exf4 22. Rxa4 Rxa4 (22... Ne5 $2 23. Qe2 $19) 23. Bxa4 bxc3 (23... Ne5 $2 24. Qe2 $19) 24. Rc1 (24. Nxc3 $2 {loses.} Nd4 $19)) 21... Rxa4 {[%emt 0:03:32] Black is clearly winning.} 22. Bxa4 {[%emt 0:00:02]} Rxd3 {[%emt 0:02:07]} 23. Re3 {[%emt 0:01:52] [#]} Nd4 $1 {[%emt 0:01:05][%mdl 512] White got outplayed after the opening.   Weighted Error Value: White=0.97/Black=0.07 (flawless) .  Mistake:       	White=4     	---        Inaccurate:     	White=3     	Black=1      OK:         	White=2     	Black=3      Best:        	---       	Black=1} 0-1